000 01211nam a22002177a 4500
008 230623s2022 xxk|||||o|||| 00| 0 eng d
041 _aeng
110 _aRoyal Institution of Chartered Surveyors
245 _aRICS Short Form of Consultant’s Appointment for Designated Services
_bEngland and Wales
_h[Electronic resource]
260 _aLondon,
_bRoyal Institution of Chartered Surveyors,
_c2022
300 _a15p.
490 _aRICS Standard Form
520 _aRICS Short Form of Consultant’s Appointment for Designated Services is intended to be used for specialist surveying services.
650 _aAPPOINTMENT
651 _aEngland
651 _aWales
710 _aRoyal Institution of Chartered Surveyors
856 _uhttps://www.rics.org/content/dam/ricsglobal/documents/standards/building-surveying-standards/standard-forms-of-consultation/rics-short-form-consultants-app-designated-services_ew_may-2022.pdf
_zAvailable free on RICS.org
856 _uhttps://www.rics.org/content/dam/ricsglobal/documents/standards/building-surveying-standards/standard-forms-of-consultation/explanatory-notes_designated-services_ew_may-2022.pdf
_zAccess the explanatory notes for this form
942 _n0
999 _c121568
_d121568